| 000 | 01274nam a2200313Ia 4500 | ||
|---|---|---|---|
| 001 | ebr10667287 | ||
| 003 | CaPaEBR | ||
| 006 | m u | ||
| 007 | cr cn||||||||| | ||
| 008 | 130307s2013 pau sb 001 0 eng d | ||
| 010 | _z 2012047400 | ||
| 020 | _z9781599474267 (pbk.) | ||
| 020 | _z9781599474304 (ebook) | ||
| 040 |
_aCaPaEBR _cCaPaEBR |
||
| 035 | _a(OCoLC)829713991 | ||
| 050 | 1 | 4 |
_aQ172.5.C74 _bE93 2013eb |
| 082 | 0 | 4 |
_a501/.9 _223 |
| 245 | 0 | 0 |
_aExceptional creativity in science and technology _h[electronic resource] : _bindividuals, institutions, and innovations / _cedited by Andrew Robinson. |
| 260 |
_aWest Conshohocken, PA : _bTempleton Press, _cc2013. |
||
| 300 | _aviii, 264 p. | ||
| 504 | _aIncludes bibliographical references and index. | ||
| 533 |
_aElectronic reproduction. _bPalo Alto, Calif. : _cebrary, _d2013. _nAvailable via World Wide Web. _nAccess may be limited to ebrary affiliated libraries. |
||
| 650 | 0 | _aCreative ability in science. | |
| 650 | 0 | _aCreative ability in technology. | |
| 655 | 7 |
_aElectronic books. _2local |
|
| 700 | 1 |
_aRobinson, Andrew, _d1957- |
|
| 710 | 2 | _aebrary, Inc. | |
| 856 | 4 | 0 |
_uhttp://site.ebrary.com/lib/rucke/Doc?id=10667287 _zAn electronic book accessible through the World Wide Web; click to view |
| 999 |
_c61330 _d61330 |
||